Music Quiz

Random Music or Bands Quiz

Multiple Bands Quiz Stats

 Plays Quiz Updated Feb 3, 2019

Support Sporcle.
Go Orange.
Score 0/30 Timer 07:00
2 Plays Today
Bands Musician(s) % Correct
The Beatles, Wings, The FiremanPaul McCartney
94.4%
Cream, Yardbirds, Blind Faith, Derek and the DominosEric Clapton
80.5%
The Beatles, Traveling WilburysGeorge Harrison
78.4%
Nirvana, Foo Fighters, ProbotDave Grohl
72.5%
Black Eyed Peas, Wild OrchidFergie
67%
The White Stripes, The Raconteurs, The Dead WeatherJack White
66.3%
Led Zeppelin, Yardbirds, The FirmJimmy Page
61%
Jane's Addiction, Red Hot Chili PeppersDave Navarro and Flea
44.4%
Soundgarden, Audioslave, Temple of the DogChris Cornell
43.3%
Van Halen, Chickenfoot, MontroseSammy Hagar
38.9%
Smashing Pumpkins, ZwanBilly Corgan
37.8%
Sex Pistols, Public Image Ltd.Johnny Rotten
34%
N.W.A, Westside ConnectionIce Cube
30.2%
Stone Temple Pilots, Velvet RevolverScott Weiland
27.4%
Elf, Rainbow, Black SabbathRonnie James Dio
22.4%
Bands Musician(s) % Correct
Blink-182, Angels & Airwaves, Box Car RacerTom DeLonge
21.4%
Queens of the Stone Age, Kyuss, Eagles of Death MetalJosh Homme
17.7%
The Smiths, Modest Mouse, Electronic, The TheJohnny Marr
17.2%
Tool, A Perfect Circle, PusciferMaynard James Keenan
16.5%
Free, Bad Company, The Firm, The LawPaul Rodgers
15%
Pixies, The BreedersKim Deal
12.4%
Death Cab for Cutie, The Postal Service, PinwheelBen Gibbard
12.2%
Faith No More, Mr. Bungle, Fantômas, TomahawkMike Patton
9.8%
Talking Heads, Tom Tom ClubTina Weymouth and Chris Frantz
9.4%
Extreme, Van HalenGary Cherone
9.1%
Yes, AsiaGeoff Downes and Steve Howe
8.2%
Big Star, The Box TopsAlex Chilton
6.1%
The Replacements, Guns N' Roses, Soul AsylumTommy Stinson
3.5%
Devo, The Vandals, A Perfect Circle, Guns N' RosesJosh Freese
2.6%
Boston, StryperMichael Sweet
2%

From the Vault

Who Are They Mourning?

by senordingdong

History 6m
"Grief is the price we pay for love."
Remove Ads.
Support Sporcle.
Get the best of Sporcle when you Go Orange. This ad-free experience offers more features, more stats, and more fun while also helping to support Sporcle. Thank you for becoming a member.

Show Comments

Extras

Top Quizzes Today


Score Distribution

Your Account Isn't Verified!

In order to create a playlist on Sporcle, you need to verify the email address you used during registration. Go to your Sporcle Settings to finish the process.

Report this User

Report this user for behavior that violates our Community Guidelines.

Details: